000 01814cam a2200433 a 4500
001 16745755
003 OSt
005 20250704113043.0
008 110421s2011 njua b 001 0 eng
010 _a 2011411312
020 _a9789814322508
020 _a9814322504
035 _a16745755
040 _aDLC
_cDLC
042 _apcc
050 0 0 _aQC176.8.N35
_bC36 2011
082 _a660.286
_bCAO/N
100 1 _aCao, Guozhong
_99934
245 1 0 _aNanostructures & nanomaterials :
_bsynthesis, properties, and applications /
_cGuozhong Cao, Ying Wang.
246 3 _aNanostructures and nanomaterials
250 _a2nd ed.
260 _aNew Jersey :
_bWorld Scientific,
_cc2011.
300 _axiii, 581 p. :
_bill. (some col.) ;
_c24 cm.
336 _atext
_btxt
_2rdacontent
337 _aunmediated
_bn
_2rdamedia
338 _avolume
_bnc
_2rdacarrier
490 0 _aWorld scientific series in nanoscience and nanotechnology ;
_vv. 2
504 _aIncludes bibliographical references and index.
505 0 0 _aPhysical chemistry of solid surfaces -- Zero-dimensional nanostructures: nanoparticles -- One-dimensional nanostructures: nanowires and nanorods -- Two-dimensional nanostructures: thin films -- Special nanomaterials -- Nanostructures fabricated by physical techniques -- Characterization and properties of nanomaterials -- Applications of nanomaterials.
650 0 _aNanostructures.
650 0 _aNanostructured materials.
650 0 _aNanotechnology.
650 0 _aNanoscience.
700 1 _aWang, Ying,
_d1981-
906 _a7
_bcbc
_corigcop
_d2
_encip
_f20
_gy-gencatlg
942 _2ddc
_cBK
_h660.286
_iCAO/N
_k660.286
_mCAO/N
999 _c41887
_d41887